000 00241 a2200097 4500
000 nam a22 7a 4500
020 _a9780990772514
100 _aLocktov, JoAnn
245 _aDream of Venice architecture
260 _bBella Figura Publications,
999 _c85452
_d85452